000 00904nam a2200205Ia 4500
999 _c38049
_d38049
001 4035
003 GE_BSU
005 20190510205854.0
008 181216s1983|||| |||||||||||||| ||geo||
040 _cGE_BSU
041 _ageo
080 _a81'374.822(038)=161.1=353.1 რ-94
245 _aრუსულ - ქართულ ლექსიკონი = Русско-Грузинский словарь /
_c რედ : ნ. მამისაშვილი, ფ. ალბოროვა
264 _aთბილისი .:
_bსაბჭოთა საქართველო,
_c1983.
300 _a864გვ .;
_c24 სმ.
653 _aრუსულ-ქართულ ლექსიკონი
700 _aმამისაშვილი,ნ
_eრედაქტორი
_91044
700 _aალბოროვა, ფ
_eრედაქტორი
_91045
942 _cBK
_2udc